| 000 | 00581nam a2200169 a 4500 | ||
|---|---|---|---|
| 008 | 120416s1981 ||||||||||||||||| || u | ||
| 020 | _a086091741x | ||
| 050 | _aDT 387.95 Hal | ||
| 100 | _aHalliday, Fred | ||
| 245 | 1 | 4 | _aThe Ethiopian revolution |
| 260 |
_aLondon: _bNLB _c1981 |
||
| 300 | _a304p. : ill. | ||
| 350 | _a0.00 | ||
| 650 | _aETHIOPIA--POLITICS AND GOVERNMENT-1974 | ||
| 650 | _aETHIOPIA--HISTORY--REVOLUTION, 1974 | ||
| 995 |
_D0.00 _FCBU-MAIN LIBRARY (Kitwe) _H1 _I5.95 _UDAMAGED _ZMain Library Open Access Collection |
||
| 999 |
_c42535 _d42535 |
||